| Tag |
First Indicator |
Second Indicator |
Subfields |
| LEADER |
00000cem a2200000 4500 |
| 001 |
in00001362939 |
| 005 |
20151006094538.0 |
| 008 |
711104s1969 sz ag a 1 ger |
| 010 |
|
|
|a gm 71003660
|
| 035 |
|
|
|a (OCoLC)05568092
|
| 035 |
|
|
|9 AHK2468AM
|
| 040 |
|
|
|a DLC
|c DLC
|d TXA
|d UtOrBLW
|
| 049 |
|
|
|a TXAC
|
| 050 |
0 |
0 |
|a G6044.B2 1969
|b .K8
|
| 052 |
|
|
|a 6044
|b B2
|
| 110 |
2 |
|
|a Kümmerly + Frey.
|
| 245 |
1 |
0 |
|a Stadtplan Baden.
|
| 255 |
|
|
|a Scale 1:7,500.
|
| 264 |
|
1 |
|a Baden [Switzerland] :
|b Stadt Baden,
|c 1969.
|
| 300 |
|
|
|a 1 map :
|b color ;
|c 68 x 65 cm. folded to 17 x 12 cm.
|
| 336 |
|
|
|a cartographic image
|b cri
|2 rdacontent
|
| 337 |
|
|
|a unmediated
|b n
|2 rdamedia
|
| 338 |
|
|
|a sheet
|b nb
|2 rdacarrier
|
| 500 |
|
|
|a Relief shown by contours and spot heights.
|
| 500 |
|
|
|a Includes inset of Rütihof.
|
| 500 |
|
|
|a Text and indexes on verso.
|
| 500 |
|
|
|a Cartographic material.
|
| 651 |
|
0 |
|a Baden (Switzerland)
|x Maps.
|
| 999 |
|
|
|a MARS
|
| 999 |
f |
f |
|s 456d9987-ef3f-3010-aa67-08a6e87138ee
|i fa30bc16-60e2-3a5c-9597-754a2f44968d
|t 0
|
| 952 |
f |
f |
|p normal
|a Texas A&M University
|b College Station
|c Sterling C. Evans Library
|d Evans: Maps (2nd floor)
|t 0
|e G6044.B2 1969 .K8
|h Library of Congress classification
|i unmediated -- sheet
|m A14821319013
|
| 998 |
f |
f |
|a G6044.B2 1969 .K8
|t 0
|l Evans: Maps (2nd floor)
|